Disequilibrium supply of freight services on a railway network (Record no. 12801)

MARC details
000 -LEADER
fixed length control field 00400nam a2200145Ia 4500
082 ## - DEWEY DECIMAL CLASSIFICATION NUMBER
Classification number RR.0133
100 ## - MAIN ENTRY--AUTHOR NAME
Personal name Ramamohan Rao, T.V.S.
245 #0 - TITLE STATEMENT
Title Disequilibrium supply of freight services on a railway network
260 ## - PUBLICATION, DISTRIBUTION, ETC. (IMPRINT)
Year of publication 1983
Name of publisher ICSSR, New Delhi
300 ## - PHYSICAL DESCRIPTION
Number of Pages 321p.
650 ## - SUBJECT ADDED ENTRY--TOPICAL TERM
Topical Term RAILWAYS - FREIGHT
700 ## - ADDED ENTRY--PERSONAL NAME
Personal name Sriraman, S.
710 ## - ADDED ENTRY--CORPORATE NAME
Corporate name or jurisdiction name as entry element Indian Institute of Technology, Kanpur
942 ## - ADDED ENTRY ELEMENTS (KOHA)
Koha item type Research Reports
Source of classification or shelving scheme Dewey Decimal Classification
Holdings
Withdrawn status Lost status Damaged status Not for loan Home library Current library Date acquired Bill Date Full call number Accession Number Price effective from Koha item type
        NASSDOC Library NASSDOC Library 08/10/2004 2004-10-22 RR.0133 16066 18/04/2019 Research Reports